[Event "C'Chartres Blitz op"]
[Site "Europe Echecs INT"]
[Date "2020.11.28"]
[Round "2"]
[White "Besse, Leonard"]
[Black "Shchekachev, Andrei"]
[Result "0-1"]
[WhiteElo "2041"]
[BlackElo "2515"]
[PlyCount "149"]
[EventDate "2020.11.28"]
[EventType "swiss (blitz)"]
[EventRounds "11"]
[EventCountry "FRA"]
[SourceTitle "CBM 199 Extra"]
[Source "ChessBase"]
[SourceDate "2021.01.31"]
[SourceVersion "1"]
[SourceVersionDate "2021.01.31"]
[SourceQuality "1"]

1. e4 Nc6 2. d4 d6 3. f4 e5 4. d5 Nb8 5. Nf3 exf4 6. Bxf4 Nf6 7. Bd3 Be7 8. 0-0 0-0 9. c4 Bg4 10. Nc3 Nbd7 11. h3 Bh5 12. g4 Bg6 13. Nh4 Nc5 14. Nf5 Bxf5 15. exf5 Nfd7 16. b4 Nxd3 17. Qxd3 a5 18. a3 Bf6 19. Rae1 axb4 20. axb4 Ra3 21. Bd2 h5 22. Ra1 Rxa1 23. Rxa1 hxg4 24. hxg4 Ne5 25. Qe2 c6 26. Re1 Qb6+ 27. Kg2 Qd4 28. Ne4 Qxc4 29. Nxf6+ gxf6 30. Qxc4 Nxc4 31. Bh6 Rb8 32. g5 fxg5 33. Bxg5 Kg7 34. Rg1 f6 35. Bf4 Kf7 36. Rh1 Rg8+ 37. Kf2 Ne5 38. dxc6 bxc6 39. Ra1 Rg4 40. Ra7+ Ke8 41. Bxe5 fxe5 42. b5 cxb5 43. f6 Rf4+ 44. Ke3 b4 45. Rb7 d5 46. Rb5 Re4+ 47. Kd3 Rd4+ 48. Ke3 Kf7 49. Rb6 b3 50. Rxb3 Kxf6 51. Rb8 Rh4 52. Rf8+ Ke7 53. Ra8 Rh3+ 54. Kd2 Ke6 55. Rf8 e4 56. Re8+ Kd6 57. Rd8+ Kc5 58. Ra8 Kd4 59. Ra4+ Ke5 60. Ra5 Rh2+ 61. Kc3 Rh3+ 62. Kd2 Rb3 63. Kc2 Rb8 64. Kd2 Rc8 65. Rb5 Rh8 66. Kc3 Rh3+ 67. Kd2 Rd3+ 68. Ke2 Kf4 69. Rb8 Ra3 70. Rf8+ Ke5 71. Rb8 Ra2+ 72. Kd1 d4 73. Rb5+ Kf4 74. Rd5 d3 75. Kc1 0-1

[Event "C'Chartres Blitz op"]
[Site "Europe Echecs INT"]
[Date "2020.11.28"]
[Round "11"]
[White "Devallee, Jeremie"]
[Black "Besse, Leonard"]
[Result "1-0"]
[WhiteElo "2220"]
[BlackElo "2041"]
[PlyCount "117"]
[EventDate "2020.11.28"]
[EventType "swiss (blitz)"]
[EventRounds "11"]
[EventCountry "FRA"]
[SourceTitle "CBM 199 Extra"]
[Source "ChessBase"]
[SourceDate "2021.01.31"]
[SourceVersion "1"]
[SourceVersionDate "2021.01.31"]
[SourceQuality "1"]

1. e4 Nf6 2. e5 Nd5 3. c4 Nb6 4. d4 d6 5. exd6 exd6 6. Nc3 Be7 7. Bd3 0-0 8. Nge2 Bf6 9. 0-0 Re8 10. h3 Nc6 11. Be3 d5 12. c5 Nc4 13. Bxc4 dxc4 14. d5 Ne5 15. Kh1 Bf5 16. Ng3 Bd3 17. Re1 b6 18. b4 a5 19. a3 axb4 20. axb4 Rxa1 21. Qxa1 Ng6 22. d6 bxc5 23. dxc7 Qxc7 24. Bxc5 Rxe1+ 25. Qxe1 Qe5 26. Nce4 Kh8 27. f3 Qa1 28. Bf2 Qxe1+ 29. Bxe1 Bd4 30. Bc3 Bxc3 31. Nxc3 Ne5 32. b5 Nd7 33. Kg1 Kg8 34. Kf2 Kf8 35. Ke3 Ke7 36. Kd4 Kd6 37. Nge4+ Kc7 38. Nd5+ Kb7 39. g3 f5 40. Nd6+ Kb8 41. Nxc4 Bf1 42. h4 h6 43. f4 Bg2 44. Ne7 Be4 45. Nd6 g5 46. fxg5 hxg5 47. Nxe4 fxe4 48. h5 Kc7 49. Nd5+ Kd6 50. h6 e3 51. Nxe3 Nf6 52. g4 Ke6 53. b6 Kd6 54. Nd5 Nh7 55. b7 Nf6 56. b8Q+ Ke6 57. Qe5+ Kf7 58. Qxf6+ Ke8 59. Qg7 1-0

[Event "C'Chartres Blitz op"]
[Site "Europe Echecs INT"]
[Date "2020.11.28"]
[Round "7"]
[White "Eden, James"]
[Black "Besse, Leonard"]
[Result "1-0"]
[WhiteElo "2323"]
[BlackElo "2041"]
[PlyCount "41"]
[EventDate "2020.11.28"]
[EventType "swiss (blitz)"]
[EventRounds "11"]
[EventCountry "FRA"]
[SourceTitle "CBM 199 Extra"]
[Source "ChessBase"]
[SourceDate "2021.01.31"]
[SourceVersion "1"]
[SourceVersionDate "2021.01.31"]
[SourceQuality "1"]

1. e4 Nf6 2. Nc3 d5 3. exd5 Nxd5 4. Bc4 Nxc3 5. bxc3 e6 6. d4 Be7 7. Nf3 0-0 8. 0-0 c5 9. Qe2 Nc6 10. Rd1 Qa5 11. Bb2 Bf6 12. Bd3 Ne7 13. Qe4 Ng6 14. h4 h5 15. Ne5 Bxe5 16. dxe5 Rb8 17. c4 b5 18. cxb5 a6 19. Qf3 axb5 20. Qxh5 Nf4 21. Qh7# 1-0

[Event "C'Chartres Blitz op"]
[Site "Europe Echecs INT"]
[Date "2020.11.28"]
[Round "5"]
[White "Mallevaey, Armand"]
[Black "Besse, Leonard"]
[Result "0-1"]
[WhiteElo "1782"]
[BlackElo "2041"]
[PlyCount "95"]
[EventDate "2020.11.28"]
[EventType "swiss (blitz)"]
[EventRounds "11"]
[EventCountry "FRA"]
[SourceTitle "CBM 199 Extra"]
[Source "ChessBase"]
[SourceDate "2021.01.31"]
[SourceVersion "1"]
[SourceVersionDate "2021.01.31"]
[SourceQuality "1"]

1. e4 g6 2. f4 Bg7 3. Nf3 d6 4. c3 Nf6 5. d3 0-0 6. Be3 c5 7. Nbd2 Nc6 8. Be2 Ng4 9. Bf2 Nxf2 10. Kxf2 d5 11. Rf1 dxe4 12. dxe4 a6 13. Nb3 b6 14. Qxd8 Rxd8 15. Rad1 Be6 16. Rxd8+ Nxd8 17. Bxa6 Rxa6 18. Rd1 Ra8 19. Nc1 Nc6 20. e5 Rd8 21. Rxd8+ Nxd8 22. Ke3 f6 23. g3 Nc6 24. exf6 exf6 25. a3 Bf8 26. Ne2 Kf7 27. Ne1 Bb3 28. Nc1 Bd5 29. Ned3 c4 30. Nb4 Nxb4 31. axb4 Bd6 32. Kd4 Be6 33. Ne2 b5 34. Ng1 Ke7 35. Nf3 Kd7 36. Nd2 Kc6 37. Ne4 Be7 38. Nd2 f5 39. Ke5 Bf7 40. Nf3 Kd7 41. Kd4 Kd6 42. Ne5 Be8 43. h3 Bf6 44. g4 Bc6 45. g5 Bg7 46. h4 Bg2 47. Ke3 Bxe5 48. fxe5+ 0-1

[Event "Europe Echecs online op April"]
[Site "Europe Echecs INT"]
[Date "2020.04.11"]
[Round "2"]
[White "Besse, Leonard"]
[Black "Rapaire, Jean Michel"]
[Result "1-0"]
[WhiteElo "2041"]
[BlackElo "1698"]
[PlyCount "55"]
[EventDate "2020.04.11"]
[EventType "swiss (blitz)"]
[EventRounds "11"]
[EventCountry "FRA"]
[SourceTitle "EXT 2021"]
[Source "ChessBase"]
[SourceDate "2020.10.23"]
[SourceVersion "1"]
[SourceVersionDate "2020.10.23"]
[SourceQuality "1"]

1. e4 d6 2. d4 e5 3. dxe5 dxe5 4. Qxd8+ Kxd8 5. f4 f6 6. Nf3 Bd6 7. f5 c6 8. Bc4 Kc7 9. Be3 Nd7 10. 0-0 Bc5 11. Bxc5 Nxc5 12. Nbd2 b6 13. b4 Nd7 14. a4 a5 15. c3 Ba6 16. Rfd1 Bxc4 17. Nxc4 Ne7 18. Rd2 axb4 19. cxb4 Rhd8 20. a5 bxa5 21. Nxa5 Nb6 22. Rc2 Rd3 23. Rac1 Rd6 24. h3 Nbc8 25. Nc4 Rd3 26. b5 Rb8 27. bxc6 Nb6 28. Ncxe5 1-0

[Event "Europe Echecs online op April"]
[Site "Europe Echecs INT"]
[Date "2020.04.11"]
[Round "11"]
[White "Lehenaff, Julien"]
[Black "Besse, Leonard"]
[Result "0-1"]
[WhiteElo "1810"]
[BlackElo "2041"]
[PlyCount "98"]
[EventDate "2020.04.11"]
[EventType "swiss (blitz)"]
[EventRounds "11"]
[EventCountry "FRA"]
[SourceTitle "EXT 2021"]
[Source "ChessBase"]
[SourceDate "2020.10.23"]
[SourceVersion "1"]
[SourceVersionDate "2020.10.23"]
[SourceQuality "1"]

1. e4 Nf6 2. e5 Nd5 3. c4 Nb6 4. d4 d6 5. exd6 exd6 6. Be2 Be7 7. Nf3 0-0 8. 0-0 Re8 9. Nc3 Nc6 10. d5 Na5 11. b3 Bf6 12. Bb2 c5 13. Qc2 Bg4 14. Rae1 Bh5 15. Bd3 Bg6 16. Bxg6 hxg6 17. Ne4 Bxb2 18. Qxb2 Nc8 19. Qd2 b6 20. Re2 Nb7 21. Rfe1 Rf8 22. Qf4 a5 23. Nfg5 Ne7 24. Re3 Nf5 25. Rh3 a4 26. g4 Nh6 27. Qg3 axb3 28. axb3 Ra2 29. Qc3 Re8 30. Rxh6 gxh6 31. Nf6+ Qxf6 32. Qxf6 Rxe1+ 33. Kg2 hxg5 34. Qxg5 Ree2 35. Qf6 Rxf2+ 36. Qxf2 Rxf2+ 37. Kxf2 f5 38. g5 Kf7 39. h4 Na5 40. Ke3 Nxb3 41. Kd3 Na5 42. Kc3 Nb7 43. Kd3 Na5 44. Kc3 Ke7 45. Kd3 Nb3 46. Kc3 Nd4 47. Kd3 Nf3 48. Ke3 Nxh4 49. Kf4 Ng2+ 0-1

[Event "Martigny op 25th"]
[Site "Martigny"]
[Date "2016.07.31"]
[Round "4"]
[White "Besse, Leonard"]
[Black "Kukov, Velislav"]
[Result "1/2-1/2"]
[WhiteElo "2062"]
[BlackElo "2363"]
[PlyCount "48"]
[EventDate "2016.07.29"]
[EventType "swiss"]
[EventRounds "7"]
[EventCountry "SUI"]
[SourceTitle "EXT 2017"]
[Source "ChessBase"]
[SourceDate "2016.10.25"]
[SourceVersion "1"]
[SourceVersionDate "2016.10.25"]
[SourceQuality "1"]

1. e4 g6 2. d4 Bg7 3. f4 d5 4. e5 Nh6 5. Nf3 0-0 6. Bd3 f6 7. 0-0 Bg4 8. h3 Bxf3 9. Rxf3 c5 10. c3 cxd4 11. cxd4 Nc6 12. Be3 e6 13. Nc3 fxe5 14. fxe5 Rxf3 15. Qxf3 Qb6 16. Qd1 Nxe5 17. Na4 Qd6 18. dxe5 Qxe5 19. Qd2 Nf5 20. Bxf5 gxf5 21. Bf4 Qd4+ 22. Qxd4 Bxd4+ 23. Kf1 b5 24. Nc3 a6 1/2-1/2